000
00204nam a2200109Ia 4500
100
_a
ROBERT HELLER.
942
_c
BK
245
_a
THE NAKED MANAGER.
260
_b
#N/A
546
_a
ENGLISH
999
_c
35426
_d
35426